000 00593nam a22001577a 4500
005 20120613123029.0
020 _a 8173412782
_cRs. 575.00 (hbk)
035 _aB-93439
037 _aDPL
_bENG
100 _aVadackumchery, James
_948943
245 _aMisguiding philosophies and millennium police /
_cby James Vadackumchery
260 _aDelhi
_bIndian Publishers Distributors
_c2003
300 _axxix, 250p.
_c20 cms.
942 _2ddc
_cEN
_h363.2
_mVAD
999 _c67855
_d67855